000 00286nam a22001337a 4500
008 170323b xxu||||| |||| 00| 0 eng d
020 _a9780801670640
041 _aeng
080 _a616.9
100 _a9
101 _aSHM
245 _aFIRST AID SAFETY
_cCRANSTON.R
942 _2udc
_cBK
999 _c8431
_d8431